|
|
|
|
| LEADER |
00000cam a22000002c 4500 |
| 001 |
184006725X |
| 003 |
DE-627 |
| 005 |
20250708095712.0 |
| 007 |
cr uuu---uuuuu |
| 008 |
230324s1993 xx |||||o 00| ||eng c |
| 024 |
7 |
|
|a 10.3886/ICPSR09845.v1
|2 doi
|
| 035 |
|
|
|a (DE-627)184006725X
|
| 035 |
|
|
|a (DE-599)KXP184006725X
|
| 040 |
|
|
|a DE-627
|b ger
|c DE-627
|e rda
|
| 041 |
|
|
|a eng
|
| 084 |
|
|
|a 2,1
|2 ssgn
|
| 110 |
2 |
|
|a United States Sentencing Commission
|e VerfasserIn
|4 aut
|
| 245 |
1 |
0 |
|a Impact of Sentencing Guidelines on the Use of Incarceration in Federal Criminal Courts in the United States, 1984-1990
|
| 264 |
|
1 |
|a [Erscheinungsort nicht ermittelbar]
|b [Verlag nicht ermittelbar]
|c 1993
|
| 336 |
|
|
|a Text
|b txt
|2 rdacontent
|
| 337 |
|
|
|a Computermedien
|b c
|2 rdamedia
|
| 338 |
|
|
|a Online-Ressource
|b cr
|2 rdacarrier
|
| 520 |
|
|
|a The primary purpose of this data collection was to examine the impact of the implementation of sentencing guidelines on the rate of incarcerative and nonincarcerative sentences imposed and on the average length of expected time to be served in incarceration for all offenses as well as for select groups of offenses. The measure of sentence length, "expected time to be served," was used to allow for assumed good time and parole reductions. This term represents the amount of time an offender can expect to spend in prison at the time of sentencing, a roughly equivalent standard that can be measured before and after the implementation of federal criminal sentencing guidelines in 1987. Three broad offense categories were studied: drug offenses, robbery, and economic crimes. Drug offenses include a wide range of illegal activities involving marijuana, heroin, and cocaine. Robbery includes bank and postal robbery (both armed and unarmed) as well as other types of robbery offenses that appear less frequently in the federal system, such as carrying a firearm during the commission of a robbery. Economic offenses include fraud (bank, postal, and other), embezzlement (bank, postal, and other), and tax evasion. Other monthly data are provided on the number of prison and probation sentences for all offenses and by offense categories.
|
| 540 |
|
|
|a ICPSR Terms of Use
|
| 650 |
|
4 |
|a Courts
|
| 650 |
|
4 |
|a drug law offenses
|
| 650 |
|
4 |
|a Imprisonment
|
| 650 |
|
4 |
|a Parole
|
| 650 |
|
4 |
|a Probation
|
| 650 |
|
4 |
|a Program Evaluation
|
| 650 |
|
4 |
|a Robbery
|
| 650 |
|
4 |
|a Sentencing
|
| 650 |
|
4 |
|a Sentencing Guidelines
|
| 650 |
|
4 |
|a Tax evasion
|
| 655 |
|
7 |
|a Forschungsdaten
|0 (DE-588)1098579690
|0 (DE-627)857755366
|0 (DE-576)469182156
|2 gnd-content
|
| 787 |
0 |
8 |
|i Forschungsdaten zu
|a Karle, Theresa
|t Are the federal sentencing guidelines meeting congressional goals?: An empirical and case law analysis
|d 1991
|w (DE-627)1912459523
|
| 787 |
0 |
8 |
|i Forschungsdaten zu
|a Hofer, Paul J.
|t Federal sentencing for violent and drug trafficking crimes involving firearms: recent changes and prospects for improvement
|d 2000
|w (DE-627)1912557797
|
| 787 |
0 |
8 |
|i Forschungsdaten zu
|t The Federal Sentencing Guidelines: A Report on the Operations of the Guidelines System and Short-term Impacts on Disparity in Sentencing, Use of Incarceration, and Prosecutorial Discretion and Plea Bargaining
|d [Erscheinungsort nicht ermittelbar] : United States Sentencing Commission, 1991
|w (DE-627)1912557835
|
| 787 |
0 |
8 |
|i Forschungsdaten zu
|a Meierhoefer, Barbara S.
|t The General Effect of Mandatory Minimum Prison Terms: A Longitudinal Study of Federal Sentences Imposed
|d [Erscheinungsort nicht ermittelbar] : Federal Judicial Center, 1992
|w (DE-627)1912566923
|
| 787 |
0 |
8 |
|i Forschungsdaten zu
|a Tonry, Michael H., 1954 -
|t Mandatory minimum penalties and the U.S. Sentencing Commission's 'mandatory guidelines'
|d 1991
|w (DE-627)1912615703
|
| 787 |
0 |
8 |
|i Forschungsdaten zu
|a United States Sentencing Commission
|t Mandatory Minimum Penalties in the Federal Criminal Justice System
|d United States Sentencing Commission, 1991
|w (DE-627)1912615711
|
| 787 |
0 |
8 |
|i Forschungsdaten zu
|a Meierhoefer, Barbara S.
|t The role of offense and offender characteristics in federal sentencing
|d 1992
|w (DE-627)1912692929
|
| 787 |
0 |
8 |
|i Forschungsdaten zu
|a McDonald, Douglas C.
|t Sentencing in the Federal Courts: Does Race Matter?
|d Bureau of Justice Statistics, 1993
|w (DE-627)1912699338
|
| 787 |
0 |
8 |
|i Forschungsdaten zu
|a USSC Working Group
|t U.S. Sentencing Commission Staff Working Group report on 3E1.1: The acceptance of responsibility reduction
|d 1992
|w (DE-627)1912739747
|
| 856 |
4 |
0 |
|u https://doi.org/10.3886/ICPSR09845.v1
|x Resolving-System
|z kostenfrei
|3 Volltext
|7 0
|
| 935 |
|
|
|a mkri
|
| 951 |
|
|
|a BO
|
| ELC |
|
|
|a 1
|
| LOK |
|
|
|0 000 xxxxxcx a22 zn 4500
|
| LOK |
|
|
|0 001 4296815091
|
| LOK |
|
|
|0 003 DE-627
|
| LOK |
|
|
|0 004 184006725X
|
| LOK |
|
|
|0 005 20230324125339
|
| LOK |
|
|
|0 008 230324||||||||||||||||ger|||||||
|
| LOK |
|
|
|0 035
|a (DE-2619)ICPSR9845
|
| LOK |
|
|
|0 040
|a DE-2619
|c DE-627
|d DE-2619
|
| LOK |
|
|
|0 092
|o n
|
| LOK |
|
|
|0 852
|a DE-2619
|
| LOK |
|
|
|0 852 1
|9 00
|
| LOK |
|
|
|0 935
|a foda
|a nacj
|
| LOK |
|
|
|0 939
|a 24-03-23
|b l01
|
| OAS |
|
|
|a 1
|
| ORI |
|
|
|a SA-MARC-krimdoka001.raw
|